Statistics for Top Twenty Most Influential Countries

Click here to take the quiz!

General Stats

  • This quiz has been taken 153 times
  • The average score is 18 of 20

Answer Stats

RankingAnswer% Correct
#1.United States of America
100%
#3.People's Republic of China
99%
#2.Russian Federation
99%
#4.United Kingdom of Great Britain and Northern Ireland
98%
#5.Federal Republic of Germany
97%
#6.French Republic
97%
#7.Japan
96%
#16.Republic of India
96%
#18.Italian Republic
95%
#12.Canada
94%
#17.Commonwealth of Australia
89%
#11.Republic of Korea
88%
#9.Kingdom of Saudi Arabia
87%
#14.Islamic Republic of Iran
85%
#13.Republic of Turkey
84%
#20.Islamic Republic of Pakistan
77%
#8.State of Israel
77%
#19.Kingdom of Sweden
69%
#15.Swiss Confederation
69%
#10.United Arab Emirates
67%

Score Distribution

Percentile by Number Answered

Percent of People with Each Score

Your Score History

You have not taken this quiz